000 00565nam a2200193 a 4500
082 _a694
_bELE
_cL-24, P-6
100 1 _aTredgold, Thomas,
_945602
245 1 0 _aElementary principles of carpentry /
_cby Thomas Tredgold.
250 _a5th ed., corr. and enl.
260 _aLondon:
_bLockwood & Co.,
_c1946
300 _a312 p.
_bill. ;
_c30 cm.
500 _aIncludes index.
526 _a0
_b0
_c0
_d694_000000000000000_ELE
650 0 _aCarpentry.
650 0 _aRoofs.
_942299
650 0 _aTimber.
_943280
700 1 _aBarlow, Peter,
_945603
942 _2ddc
_cBK
999 _c549084
_d549084